Animaux par images version Minecraft - Statistiques

Statistiques générales
  • Ce quiz a été pris 1 197 fois
  • Le résultat moyen est 22 sur 23
Statistiques - réponses
Par images Réponse % Correct
Abeille
99%
Âne
99%
Chat
99%
Cheval
99%
Cochon
99%
Grenouille
99%
Lapin
99%
Mouton
99%
Panda
99%
Perroquet
99%
Renard
99%
Tortue
99%
Vache
99%
Chien
98%
Dauphin
98%
Lama
98%
Loup
98%
Poule
98%
Chèvre
97%
Araignée
96%
Chauve-souris
96%
Axolotl
76%
Ours blanc
71%
Aucun quiz correspondant
Distribution des résultats
% des personnes avec chaque résultat
Percentile par nombre de réponses
Votre historique - résultats
Vous n’avez pas pris ce quiz